Externá služba. Študijný kurz. Veľkozákazníci v obchode a v priemysle.
Návod na lepšie plánovanie osobitných požiadaviek pri starostlivosti o veľkých zákazníkov (obchod, priemysel, služby). Štúdium potenciálu zákazníka. Priania zákazníka. Štruktúra zákazníka. Údaje o zákazníkoch. Plánovanie odbytu veľkozákazníkom. Výročné jednania s veľkozákazníkmi. Témy, čas a miesto...
Saved in:
| Format: | Book Chapter |
|---|---|
| Language: | Slovak |
| Subjects: | |
| Tags: |
No Tags, Be the first to tag this record!
|
MARC
| LEADER | 00000naa a2200000 4500 | ||
|---|---|---|---|
| 001 | r011632 | ||
| 005 | 20220826094836.0 | ||
| 041 | 0 | |a slo | |
| 044 | |a [CS] | ||
| 245 | 1 | 0 | |a Externá služba. Študijný kurz. |b Veľkozákazníci v obchode a v priemysle. |
| 520 | |a Návod na lepšie plánovanie osobitných požiadaviek pri starostlivosti o veľkých zákazníkov (obchod, priemysel, služby). Štúdium potenciálu zákazníka. Priania zákazníka. Štruktúra zákazníka. Údaje o zákazníkoch. Plánovanie odbytu veľkozákazníkom. Výročné jednania s veľkozákazníkmi. Témy, čas a miesto jednania. Kúpny návrh a poskytnutie "mapy údajov" veľkozákazníkovi. | ||
| 610 | 2 | 0 | |a predaj |
| 610 | 2 | 0 | |a vzťahy dodávateľsko-odberateľské |
| 610 | 2 | 0 | |a zákazníci |
| 610 | 2 | 0 | |a odbyt |
| 610 | 2 | 0 | |a obchod |
| 610 | 2 | 0 | |a priemysel |
| 610 | 2 | 0 | |a Európske spoločenstvo vedúcich |